000 00559nam a2200193Ia 4500
005 20250923145923.0
008 008 250917s9999 xx 000 0 eng d
037 _aTextual
040 _aDSWL
_beng
_cDSWL
041 _aeng
_2eng
084 _aT:3(YX).2:G, N94.1A
_qDSWL
100 _aDesai, A.S.
_9840316
245 2 _aA study of social work education
_c by A.S. Desai
260 _aBombay
_bT.I.S.S., C.S.W.
_c1994
300 _axlix,516p.
490 _vVol.-1-A
942 _cTEXL
_hT:3(YX).2:G, N94.1A
999 _c1457370
_d1457370